Cloud Computing Black Book (Record no. 7040)

MARC details
000 -LEADER
fixed length control field 00331nam a2200145Ia 4500
003 - CONTROL NUMBER IDENTIFIER
control field OSt
008 - FIXED-LENGTH DATA ELEMENTS--GENERAL INFORMATION
fixed length control field 191201s2018 xx 000 0 und d
082 ## - DEWEY DECIMAL CLASSIFICATION NUMBER
Classification number 004.69
Item number JAC
100 ## - MAIN ENTRY--PERSONAL NAME
Personal name JAYASWAL, Kailash
245 #0 - TITLE STATEMENT
Title Cloud Computing Black Book
260 ## - PUBLICATION, DISTRIBUTION, ETC. (IMPRINT)
Name of publisher, distributor, etc Dream tech
Date of publication, distribution, etc 2018
300 ## - PHYSICAL DESCRIPTION
Extent 457
650 ## - SUBJECT ADDED ENTRY--TOPICAL TERM
Topical term or geographic name as entry element B.Tech(IT)
942 ## - ADDED ENTRY ELEMENTS (KOHA)
Source of classification or shelving scheme Dewey Decimal Classification
Koha item type Text Books
Holdings
Withdrawn status Lost status Source of classification or shelving scheme Damaged status Not for loan Collection code Home library Current library Date acquired Source of acquisition Cost, normal purchase price Bill Number Total Checkouts Full call number Acc. no. / Barcode Date last seen Date last borrowed Actual Cost, discounted price Bill Date Koha item type
    Dewey Decimal Classification     B.Tech(IT) PIET C-LIBRARY PIET C-LIBRARY 21/07/2020 Kirti Prakashan 699.00 IN 3974 7 004.69 JAC 31227 09/04/2025 26/12/2024 475.32 24/05/2019 Text Books
    Dewey Decimal Classification     B.Tech(IT) PIET C-LIBRARY PIET C-LIBRARY 21/07/2020 Kirti Prakashan 699.00 IN 3974   004.69 JAC 31228 04/12/2019   475.32 24/05/2019 Text Books
    Dewey Decimal Classification     B.Tech(IT) PIET C-LIBRARY PIET C-LIBRARY 21/07/2020 Kirti Prakashan 699.00 IN 3974 6 004.69 JAC 31229 11/03/2025 24/02/2025 475.32 24/05/2019 Text Books
    Dewey Decimal Classification     B.Tech(IT) PIET C-LIBRARY PIET C-LIBRARY 21/07/2020 Kirti Prakashan 699.00 IN 3974 5 004.69 JAC 31230 20/01/2025 26/12/2024 475.32 24/05/2019 Text Books
    Dewey Decimal Classification     B.Tech(IT) PIET C-LIBRARY PIET C-LIBRARY 21/07/2020 Kirti Prakashan 699.00 IN 3974 4 004.69 JAC 31231 10/07/2025 15/02/2024 475.32 24/05/2019 Text Books

Design & Developed by: PIET Central Library
R70 Miles Stone Pattikalyana Samalkha Panipat 132102
mail ID :- [email protected], Phone No:- 0180-2569700 Ex.216